<?xml version="1.0" encoding="UTF-8"?>
<marc:record xmlns:marc="http://www.loc.gov/MARC21/slim">
   <marc:leader>00000nam a2200000 a 4500</marc:leader>
   <marc:datafield ind1="1" ind2=" " tag="100">
      <marc:subfield code="a">Costner, Kevin</marc:subfield>
   </marc:datafield>
   <marc:datafield ind1="1" ind2=" " tag="100">
      <marc:subfield code="a">Knightley, Keira</marc:subfield>
   </marc:datafield>
   <marc:datafield ind1="1" ind2=" " tag="100">
      <marc:subfield code="a">Pine, Chris</marc:subfield>
   </marc:datafield>
   <marc:datafield ind1="1" ind2=" " tag="100">
      <marc:subfield code="a">Clancy, Tom</marc:subfield>
      <marc:subfield code="4">aut</marc:subfield>
      <marc:subfield code="e">Verfasser/-in</marc:subfield>
   </marc:datafield>
   <marc:datafield ind1="1" ind2=" " tag="100">
      <marc:subfield code="a">Branagh, Kenneth</marc:subfield>
   </marc:datafield>
   <marc:datafield ind1="0" ind2="0" tag="245">
      <marc:subfield code="a">Jack Ryan: Shadow Recruit</marc:subfield>
   </marc:datafield>
   <marc:datafield ind1="0" ind2="0" tag="245">
      <marc:subfield code="b">based on characters created by Tom Clancy</marc:subfield>
   </marc:datafield>
   <marc:datafield ind1=" " ind2="1" tag="264">
      <marc:subfield code="b">PARAMOUNT</marc:subfield>
      <marc:subfield code="c">2014</marc:subfield>
   </marc:datafield>
   <marc:datafield ind1="1" ind2=" " tag="520">
      <marc:subfield code="a">TOM CLANCYS KULTIFIGUR IST ZURÜCK! JACK RYAN, WIE DER CIA-NOVIZE SICH SEINE SPOREN VERDIENEN MUSS. AGENT RYAN VERFÄNGT SICH IN EINEM GEFÄHRLICHEN NETZ AUS INTRIGEN ZWISCHEN SEINER AHNUNGSLOSEN VERLOBTEN, EINEM UNDURCHSICHTIGEN REGIERUNGSBEAMTEN UND EINEM SKRUPELLOSEN RUSSISCHEN WIRTSCHAFTSKRIMINELLEN. AUF SEINEM ADRENALINGELADENEN WEG VOM SMARTEN ANALYSTEN ZUM VOLLBLUT-AGENTEN VERSUCHT RYAN, EINEN VERHEERENDEN TERRORANSCHLAG AUF DIE VEREINIGTEN STAATEN ZU VERHINDERN. NERVENKTZEL HAT EINEN NAMEN: JACK RYAN!</marc:subfield>
   </marc:datafield>
   <marc:datafield ind1="0" ind2=" " tag="490">
      <marc:subfield code="v">0</marc:subfield>
   </marc:datafield>
   <marc:datafield ind1=" " ind2=" " tag="300">
      <marc:subfield code="a">1 DVD-Video (Regionalcode 2, ca. 101 Min.) : farb., Bildformat 2,40:1 (16:9), Dolby Digital 5.1 surround + 2.0 stereo; 19 cm</marc:subfield>
   </marc:datafield>
</marc:record>
